| 000 | 00705cam a22002055a 4500 | ||
|---|---|---|---|
| 001 | L155923 | ||
| 008 | 120423s1853 xxk f 000 0 eng d | ||
| 035 | _a(Sirsi) u155923 | ||
| 041 | 0 | _aeng | |
| 100 | 1 |
_aInwood, William _d1771?-1843 |
|
| 245 | 0 | 0 | _aTables for the purchasing of estates ... and for the renewing of leases |
| 250 | _aThe fifteenth ed., with considerable additions, and an extension of Smart's tables ... by George Scott, A.I.A. | ||
| 260 |
_aLondon _b[s.n.] _c1853-1854 |
||
| 300 |
_a1 v. _c8o |
||
| 583 |
_aCondition reviewed _c20120620 _lcondition level 1 and 3 |
||
| 651 | 4 |
_aGreat Britain _y1707- |
|
| 690 |
_aLandlord and tenant _96252 |
||
| 700 | 1 | _aScott, George | |
| 942 | _n0 | ||
| 999 |
_c113923 _d113923 |
||